[Event "Deutsche Ländermeisterschaft 2018"]
[Site "Würzburg GER"]
[Date "2018.10.06"]
[Round "6"]
[White "Doll, Alexander"]
[Black "Nöldner, Julian"]
[Result "1/2-1/2"]
[Termination "normal"]
[Board "7.3"]
[WhiteElo "2153"]
[BlackElo "2024"]
[WhiteClock "00:33:05"]
[BlackClock "00:34:11"]
[WhiteTeam "Baden 2"]
[BlackTeam "Berlin"]
[PlyCount "118"]
[WhiteFideId "16228294"]
[BlackFideId "16218744"]
[EventCountry "GER"]
[EventRounds "7"]
[EventType "team-swiss"]
[EventDate "2018.10.02"]

1. e4 {[%clk 1:30:58]} c5 {[%clk 1:30:40]} 2. c3 {[%clk 1:31:21]} Nf6 {[%clk
1:30:43]} 3. e5 {[%clk 1:31:45]} Nd5 {[%clk 1:31:09]} 4. Nf3 {[%clk 1:31:12]}
Nc6 {[%clk 1:31:00]} 5. d4 {[%clk 1:31:16]} cxd4 {[%clk 1:31:24]} 6. cxd4
{[%clk 1:31:29]} d6 {[%clk 1:31:48]} 7. exd6 {[%clk 1:29:26]} e6 {[%clk
1:29:28]} 8. Nc3 {[%clk 1:27:47]} Bxd6 {[%clk 1:28:07]} 9. Bd3 {[%clk 1:27:34]}
Nf4 {[%clk 1:17:21]} 10. Bxf4 {[%clk 1:27:39]} Bxf4 {[%clk 1:17:47]} 11. O-O
{[%clk 1:27:42]} O-O {[%clk 1:16:58]} 12. a3 {[%clk 1:26:46]} g6 {[%clk
1:12:30]} 13. Ne2 {[%clk 1:22:05]} Bh6 {[%clk 1:12:29]} 14. Qc2 {[%clk
1:19:02]} Bd7 {[%clk 1:06:55]} 15. Rad1 {[%clk 1:18:41]} Rc8 {[%clk 1:05:24]}
16. Qb1 {[%clk 1:19:02]} Ne7 {[%clk 1:02:48]} 17. Ne5 {[%clk 1:16:15]} a6
{[%clk 1:01:33]} 18. h4 {[%clk 1:14:10]} Bb5 {[%clk 0:57:51]} 19. Bxb5 {[%clk
1:13:09]} axb5 {[%clk 0:58:18]} 20. Qd3 {[%clk 1:13:24]} Nc6 {[%clk 0:54:40]}
21. Nxc6 {[%clk 0:59:15]} bxc6 {[%clk 0:54:35]} 22. g3 {[%clk 0:56:19]} Qe7
{[%clk 0:48:52]} 23. Nc3 {[%clk 0:54:40]} Rfd8 {[%clk 0:48:11]} 24. Rfe1 {[%clk
0:52:20]} Bg7 {[%clk 0:45:27]} 25. Qe3 {[%clk 0:49:01]} Rc7 {[%clk 0:41:32]}
26. Rd2 {[%clk 0:48:01]} Rcd7 {[%clk 0:41:08]} 27. Ne2 {[%clk 0:46:49]} e5
{[%clk 0:36:28]} 28. Nc3 {[%clk 0:37:37]} b4 {[%clk 0:35:45]} 29. Nb1 {[%clk
0:34:43]} bxa3 {[%clk 0:34:50]} 30. bxa3 {[%clk 0:30:49]} Qe6 {[%clk 0:35:02]}
31. dxe5 {[%clk 0:25:06]} Rxd2 {[%clk 0:28:51]} 32. Nxd2 {[%clk 0:24:55]} Qxe5
{[%clk 0:27:51]} 33. Qxe5 {[%clk 0:21:35]} Bxe5 {[%clk 0:28:17]} 34. Nc4 {[%clk
0:17:29]} Bf6 {[%clk 0:27:14]} 35. Re2 {[%clk 0:16:24]} Rd1+ {[%clk 0:25:31]}
36. Kg2 {[%clk 0:15:00]} Rc1 {[%clk 0:25:58]} 37. Nd6 {[%clk 0:14:20]} Ra1
{[%clk 0:21:23]} 38. Re8+ {[%clk 0:13:53]} Kg7 {[%clk 0:21:50]} 39. Rc8 {[%clk
0:14:16]} Be7 {[%clk 0:21:11]} 40. Ne4 {[%clk 0:12:45]} Rxa3 {[%clk 0:15:23]}
41. Rc7 {[%clk 0:12:17]} Bd8 {[%clk 0:14:44]} 42. Rd7 {[%clk 0:11:04]} Bb6
{[%clk 0:10:13]} 43. Rd6 {[%clk 0:07:46]} Ra7 {[%clk 0:08:46]} 44. Rxc6 {[%clk
0:07:16]} Bd4 {[%clk 0:09:05]} 45. Rc4 {[%clk 0:06:06]} Be5 {[%clk 0:07:31]}
46. Rc5 {[%clk 0:05:29]} Re7 {[%clk 0:07:54]} 47. Rd5 {[%clk 0:04:29]} h6
{[%clk 0:07:55]} 48. Nd2 {[%clk 0:02:58]} Bc3 {[%clk 0:08:02]} 49. Kf3 {[%clk
0:02:35]} f5 {[%clk 0:07:28]} 50. Nf1 {[%clk 0:02:36]} Be5 {[%clk 0:02:24]} 51.
Ne3 {[%clk 0:30:14]} Bb8 {[%clk 0:32:45]} 52. Rxf5 {[%clk 0:30:18]} Rxe3+
{[%clk 0:33:04]} 53. fxe3 {[%clk 0:30:47]} gxf5 {[%clk 0:33:25]} 54. g4 {[%clk
0:31:10]} h5 {[%clk 0:32:55]} 55. gxf5 {[%clk 0:31:29]} Kf6 {[%clk 0:32:52]}
56. Kg2 {[%clk 0:31:52]} Kxf5 {[%clk 0:33:19]} 57. Kh1 {[%clk 0:32:14]} Ke4
{[%clk 0:33:46]} 58. Kg1 {[%clk 0:32:39]} Kxe3 {[%clk 0:34:11]} 59. Kh1 {[%clk
0:33:05]} Kf2 1/2-1/2

[Event "Deutsche Ländermeisterschaft 2018"]
[Site "Würzburg GER"]
[Date "2018.10.06"]
[Round "6"]
[White "Hommel, Niclas"]
[Black "Wu, Luka"]
[Result "1-0"]
[Termination "normal"]
[Board "7.4"]
[WhiteElo "1915"]
[BlackElo "2001"]
[WhiteClock "00:19:30"]
[BlackClock "00:04:02"]
[WhiteTeam "Berlin"]
[BlackTeam "Baden 2"]
[PlyCount "71"]
[WhiteFideId "12974927"]
[BlackFideId "12977420"]
[EventCountry "GER"]
[EventRounds "7"]
[EventType "team-swiss"]
[EventDate "2018.10.02"]

1. e4 {[%clk 1:30:58]} c5 {[%clk 1:30:52]} 2. Nf3 {[%clk 1:31:23]} d6 {[%clk
1:31:18]} 3. d4 {[%clk 1:31:49]} cxd4 {[%clk 1:31:44]} 4. Nxd4 {[%clk 1:32:14]}
Nf6 {[%clk 1:32:03]} 5. Nc3 {[%clk 1:32:38]} a6 {[%clk 1:32:28]} 6. f3 {[%clk
1:33:03]} e5 {[%clk 1:32:40]} 7. Nb3 {[%clk 1:33:27]} Be7 {[%clk 1:32:49]} 8.
Be3 {[%clk 1:33:36]} b5 {[%clk 1:32:27]} 9. Qd2 {[%clk 1:32:24]} Be6 {[%clk
1:32:15]} 10. O-O-O {[%clk 1:29:45]} O-O {[%clk 1:32:36]} 11. g4 {[%clk
1:28:54]} b4 {[%clk 1:32:56]} 12. Nd5 {[%clk 1:27:50]} Bxd5 {[%clk 1:33:02]}
13. exd5 {[%clk 1:28:14]} a5 {[%clk 1:32:45]} 14. Kb1 {[%clk 1:25:58]} Qc7
{[%clk 1:30:19]} 15. h4 {[%clk 1:06:26]} Nfd7 {[%clk 1:23:03]} 16. h5 {[%clk
1:02:44]} Na6 {[%clk 1:21:38]} 17. g5 {[%clk 1:01:10]} f5 {[%clk 1:20:56]} 18.
g6 {[%clk 0:58:02]} f4 {[%clk 0:58:40]} 19. gxh7+ {[%clk 0:57:39]} Kh8 {[%clk
0:57:03]} 20. Bf2 {[%clk 0:54:13]} Nac5 {[%clk 0:54:00]} 21. Nxc5 {[%clk
0:45:28]} Nxc5 {[%clk 0:54:19]} 22. Bxc5 {[%clk 0:24:24]} Qxc5 {[%clk 0:53:18]}
23. Bd3 {[%clk 0:24:51]} Rfb8 {[%clk 0:41:27]} 24. Be4 {[%clk 0:20:20]} a4
{[%clk 0:40:08]} 25. Rdg1 {[%clk 0:20:41]} Bf6 {[%clk 0:38:57]} 26. Rg6 {[%clk
0:20:55]} b3 {[%clk 0:38:09]} 27. cxb3 {[%clk 0:19:22]} axb3 {[%clk 0:12:38]}
28. a3 {[%clk 0:19:40]} Ra4 {[%clk 0:10:52]} 29. h6 {[%clk 0:17:40]} Rc4 {[%clk
0:05:59]} 30. hxg7+ {[%clk 0:17:34]} Bxg7 {[%clk 0:06:19]} 31. Rxg7 {[%clk
0:17:33]} Kxg7 {[%clk 0:05:06]} 32. h8=Q+ {[%clk 0:17:57]} Rxh8 {[%clk
0:05:29]} 33. Qg2+ {[%clk 0:18:23]} Kf8 {[%clk 0:03:21]} 34. Rxh8+ {[%clk
0:18:48]} Kf7 {[%clk 0:03:35]} 35. Qg6+ {[%clk 0:19:07]} Ke7 {[%clk 0:04:02]}
36. Qg7# {[%clk 0:19:30]} 1-0

[Event "Deutsche Ländermeisterschaft 2018"]
[Site "Würzburg GER"]
[Date "2018.10.06"]
[Round "6"]
[White "Riegel, Arinna"]
[Black "Schnabel, Luise"]
[Result "1/2-1/2"]
[Termination "normal"]
[Board "7.5"]
[WhiteElo "1881"]
[BlackElo "1753"]
[WhiteClock "00:03:51"]
[BlackClock "00:00:51"]
[WhiteTeam "Baden 2"]
[BlackTeam "Berlin"]
[PlyCount "57"]
[WhiteFideId "12931446"]
[BlackFideId "12943347"]
[EventCountry "GER"]
[EventRounds "7"]
[EventType "team-swiss"]
[EventDate "2018.10.02"]

1. Nf3 {[%clk 1:30:56]} Nf6 {[%clk 1:30:50]} 2. g3 {[%clk 1:31:24]} e6 {[%clk
1:30:59]} 3. Bg2 {[%clk 1:31:50]} Be7 {[%clk 1:31:08]} 4. O-O {[%clk 1:31:37]}
d5 {[%clk 1:31:19]} 5. d4 {[%clk 1:32:02]} O-O {[%clk 1:31:40]} 6. c4 {[%clk
1:31:15]} c6 {[%clk 1:31:38]} 7. Qc2 {[%clk 1:28:49]} Na6 {[%clk 1:26:54]} 8.
a3 {[%clk 1:27:54]} Ne4 {[%clk 1:22:35]} 9. Bf4 {[%clk 1:20:37]} Nc7 {[%clk
1:18:16]} 10. Nc3 {[%clk 1:11:59]} Nxc3 {[%clk 1:15:49]} 11. Qxc3 {[%clk
1:12:18]} Bf6 {[%clk 1:13:13]} 12. Be5 {[%clk 1:07:18]} Ne8 {[%clk 0:59:08]}
13. Rac1 {[%clk 0:49:53]} Nd6 {[%clk 0:54:11]} 14. Bxf6 {[%clk 0:37:45]} Qxf6
{[%clk 0:54:17]} 15. c5 {[%clk 0:38:08]} Ne4 {[%clk 0:41:42]} 16. Qd3 {[%clk
0:33:51]} Qe7 {[%clk 0:39:18]} 17. Ne5 {[%clk 0:28:37]} f6 {[%clk 0:35:33]} 18.
Nf3 {[%clk 0:24:53]} e5 {[%clk 0:32:28]} 19. b4 {[%clk 0:20:31]} g5 {[%clk
0:19:34]} 20. e3 {[%clk 0:12:09]} Bf5 {[%clk 0:15:21]} 21. Qe2 {[%clk 0:09:47]}
Rae8 {[%clk 0:12:10]} 22. dxe5 {[%clk 0:08:14]} fxe5 {[%clk 0:12:11]} 23. Nd2
{[%clk 0:08:26]} Nxd2 {[%clk 0:07:53]} 24. Qxd2 {[%clk 0:08:55]} Bg6 {[%clk
0:06:58]} 25. Rcd1 {[%clk 0:05:50]} Rf7 {[%clk 0:02:57]} 26. Qa2 {[%clk
0:03:34]} Kh8 {[%clk 0:02:24]} 27. Qb2 {[%clk 0:03:07]} Kg8 {[%clk 0:01:59]}
28. Qa2 {[%clk 0:03:28]} Kh8 {[%clk 0:00:51]} 29. Qb2 {[%clk 0:03:51]} 1/2-1/2

[Event "Deutsche Ländermeisterschaft 2018"]
[Site "Würzburg GER"]
[Date "2018.10.06"]
[Round "6"]
[White "Fock, Amina"]
[Black "Doll, Rebecca"]
[Result "0-1"]
[Termination "normal"]
[Board "7.6"]
[WhiteElo "1816"]
[BlackElo "1716"]
[WhiteClock "00:06:21"]
[BlackClock "00:12:59"]
[WhiteTeam "Berlin"]
[BlackTeam "Baden 2"]
[PlyCount "52"]
[WhiteFideId "12981982"]
[BlackFideId "16236890"]
[EventCountry "GER"]
[EventRounds "7"]
[EventType "team-swiss"]
[EventDate "2018.10.02"]

1. e4 {[%clk 1:30:57]} e5 {[%clk 1:30:56]} 2. Nf3 {[%clk 1:31:23]} Nc6 {[%clk
1:31:20]} 3. Bb5 {[%clk 1:31:48]} a6 {[%clk 1:31:43]} 4. Ba4 {[%clk 1:32:10]}
d6 {[%clk 1:32:07]} 5. c3 {[%clk 1:31:38]} f5 {[%clk 1:32:24]} 6. d4 {[%clk
1:22:19]} fxe4 {[%clk 1:32:16]} 7. d5 {[%clk 1:12:31]} exf3 {[%clk 1:32:04]} 8.
dxc6 {[%clk 1:08:10]} b5 {[%clk 1:30:26]} 9. Bc2 {[%clk 1:06:55]} Bg4 {[%clk
1:18:47]} 10. g3 {[%clk 0:59:52]} Qf6 {[%clk 1:06:00]} 11. Be4 {[%clk 0:47:57]}
Rd8 {[%clk 0:42:14]} 12. Nd2 {[%clk 0:44:44]} d5 {[%clk 0:41:15]} 13. Bxf3
{[%clk 0:43:50]} Bh3 {[%clk 0:38:59]} 14. Bg4 {[%clk 0:36:49]} Bc5 {[%clk
0:35:33]} 15. Bd7+ {[%clk 0:34:22]} Bxd7 {[%clk 0:33:16]} 16. cxd7+ {[%clk
0:34:47]} Rxd7 {[%clk 0:33:06]} 17. Qe2 {[%clk 0:30:53]} Rf7 {[%clk 0:30:00]}
18. O-O {[%clk 0:27:09]} Ne7 {[%clk 0:29:24]} 19. Kg2 {[%clk 0:21:57]} O-O
{[%clk 0:27:45]} 20. f3 {[%clk 0:18:45]} Nf5 {[%clk 0:21:22]} 21. Nb3 {[%clk
0:17:21]} Bb6 {[%clk 0:20:35]} 22. a4 {[%clk 0:12:57]} Qg6 {[%clk 0:16:41]} 23.
Qxe5 {[%clk 0:09:57]} Nh4+ {[%clk 0:14:06]} 24. Kh1 {[%clk 0:10:18]} Nxf3
{[%clk 0:13:03]} 25. Qxd5 {[%clk 0:09:10]} c6 {[%clk 0:12:59]} 26. Qd1 {[%clk
0:06:21]} Qe4 0-1

[Event "Deutsche Ländermeisterschaft 2018"]
[Site "Würzburg GER"]
[Date "2018.10.06"]
[Round "6"]
[White "Praus, Pia-Rosa"]
[Black "Fischer, Darja"]
[Result "0-1"]
[Termination "normal"]
[Board "7.8"]
[WhiteElo "1150"]
[BlackElo "1456"]
[WhiteClock "00:30:05"]
[BlackClock "00:50:01"]
[WhiteTeam "Berlin"]
[BlackTeam "Baden 2"]
[PlyCount "92"]
[WhiteFideId "16271815"]
[BlackFideId "16240898"]
[EventCountry "GER"]
[EventRounds "7"]
[EventType "team-swiss"]
[EventDate "2018.10.02"]

1. d4 {[%clk 1:30:57]} d5 {[%clk 1:30:57]} 2. Bf4 {[%clk 1:30:58]} Nf6 {[%clk
1:31:15]} 3. e3 {[%clk 1:31:06]} e6 {[%clk 1:31:33]} 4. c3 {[%clk 1:30:52]} c5
{[%clk 1:31:33]} 5. Nf3 {[%clk 1:29:42]} Be7 {[%clk 1:31:16]} 6. Nbd2 {[%clk
1:29:45]} O-O {[%clk 1:31:00]} 7. Be2 {[%clk 1:29:16]} b6 {[%clk 1:30:55]} 8.
O-O {[%clk 1:28:45]} Ba6 {[%clk 1:30:52]} 9. Bxb8 {[%clk 1:27:52]} Bxe2 {[%clk
1:31:03]} 10. Qxe2 {[%clk 1:28:13]} Qxb8 {[%clk 1:30:58]} 11. Ne5 {[%clk
1:27:32]} Qb7 {[%clk 1:31:05]} 12. c4 {[%clk 1:16:32]} Rfd8 {[%clk 1:29:08]}
13. Rac1 {[%clk 1:04:10]} Rac8 {[%clk 1:28:43]} 14. Rc2 {[%clk 0:58:44]} cxd4
{[%clk 1:25:05]} 15. exd4 {[%clk 0:58:41]} Qa6 {[%clk 1:22:27]} 16. a3 {[%clk
0:54:42]} dxc4 {[%clk 1:22:41]} 17. Ndxc4 {[%clk 0:53:57]} Rxd4 {[%clk
1:22:08]} 18. Ne3 {[%clk 0:49:46]} Qxe2 {[%clk 1:20:49]} 19. Rxe2 {[%clk
0:48:36]} Rc5 {[%clk 1:18:14]} 20. Nf3 {[%clk 0:47:29]} Rd3 {[%clk 1:17:56]}
21. b4 {[%clk 0:43:59]} Rc7 {[%clk 1:15:16]} 22. Rd2 {[%clk 0:42:43]} Rxa3
{[%clk 1:14:45]} 23. Rfd1 {[%clk 0:42:44]} Kf8 {[%clk 1:14:44]} 24. Ne5 {[%clk
0:37:45]} Bxb4 {[%clk 1:12:27]} 25. Rd8+ {[%clk 0:36:39]} Ke7 {[%clk 1:12:33]}
26. g4 {[%clk 0:36:05]} Bc5 {[%clk 1:08:16]} 27. g5 {[%clk 0:36:03]} Nd5 {[%clk
1:06:58]} 28. Nxd5+ {[%clk 0:35:28]} exd5 {[%clk 1:06:07]} 29. R1xd5 {[%clk
0:35:25]} Ke6 {[%clk 1:05:17]} 30. Nc4 {[%clk 0:34:50]} Ra1+ {[%clk 1:05:05]}
31. Kg2 {[%clk 0:35:08]} Re1 {[%clk 1:04:16]} 32. f4 {[%clk 0:34:49]} f5 {[%clk
1:02:47]} 33. gxf6 {[%clk 0:32:10]} gxf6 {[%clk 1:03:17]} 34. f5+ {[%clk
0:32:25]} Ke7 {[%clk 1:02:18]} 35. Rh8 {[%clk 0:31:32]} Rg1+ {[%clk 1:01:53]}
36. Kh3 {[%clk 0:31:19]} Rg7 {[%clk 1:02:03]} 37. Rdd8 {[%clk 0:31:26]} a5
{[%clk 0:59:09]} 38. Rb8 {[%clk 0:31:39]} Rd7 {[%clk 0:57:39]} 39. Nd6 {[%clk
0:29:36]} Bxd6 {[%clk 0:55:08]} 40. Rxb6 {[%clk 0:29:51]} Bc5 {[%clk 0:54:47]}
41. Rb3 {[%clk 0:29:52]} a4 {[%clk 0:53:27]} 42. Rc3 {[%clk 0:30:13]} Bb4
{[%clk 0:52:16]} 43. Re3+ {[%clk 0:30:27]} Kf7 {[%clk 0:52:14]} 44. Rb8 {[%clk
0:29:56]} Bd2 {[%clk 0:51:18]} 45. Ra3 {[%clk 0:29:58]} Bf4 {[%clk 0:49:37]}
46. Rb2 {[%clk 0:30:05]} Bc1 {[%clk 0:50:01]} 0-1

[Event "Deutsche Ländermeisterschaft 2018"]
[Site "Würzburg GER"]
[Date "2018.10.06"]
[Round "6"]
[White "Muckle, Julius"]
[Black "Silber, Kevin"]
[Result "1-0"]
[Termination "normal"]
[Board "8.1"]
[WhiteTitle "FM"]
[WhiteElo "2348"]
[BlackElo "2205"]
[WhiteClock "00:38:05"]
[BlackClock "00:30:35"]
[WhiteTeam "Rheinland-Pfalz"]
[BlackTeam "SG Bremen / Niedersachsen"]
[PlyCount "61"]
[WhiteFideId "12942430"]
[BlackFideId "12930440"]
[EventCountry "GER"]
[EventRounds "7"]
[EventType "team-swiss"]
[EventDate "2018.10.02"]

1. d4 {[%clk 1:30:57]} a6 {[%clk 1:29:21]} 2. c4 {[%clk 1:30:34]} Nf6 {[%clk
1:27:56]} 3. Nc3 {[%clk 1:30:05]} g6 {[%clk 1:26:19]} 4. e4 {[%clk 1:30:28]} d6
{[%clk 1:26:28]} 5. f3 {[%clk 1:27:27]} Bg7 {[%clk 1:26:49]} 6. Be3 {[%clk
1:27:53]} O-O {[%clk 1:27:11]} 7. Qd2 {[%clk 1:28:21]} e5 {[%clk 1:24:59]} 8.
Nge2 Nc6 {[%clk 1:22:06]} 9. d5 {[%clk 1:28:07]} Na5 {[%clk 1:18:49]} 10. Ng3
{[%clk 1:23:53]} b6 {[%clk 1:06:03]} 11. Bd3 {[%clk 1:21:45]} Ne8 {[%clk
1:05:09]} 12. O-O {[%clk 1:06:59]} Bd7 {[%clk 1:00:10]} 13. Nce2 Nb7 14. b4
{[%clk 0:59:43]} f5 {[%clk 0:53:52]} 15. exf5 {[%clk 0:55:29]} gxf5 {[%clk
0:50:49]} 16. Bg5 {[%clk 0:54:04]} Qc8 {[%clk 0:49:39]} 17. Rac1 {[%clk
0:50:17]} c5 {[%clk 0:46:17]} 18. dxc6 {[%clk 0:49:38]} Qxc6 {[%clk 0:46:20]}
19. Nc3 {[%clk 0:48:22]} Be6 {[%clk 0:43:38]} 20. Nd5 {[%clk 0:48:38]} Bxd5
{[%clk 0:42:26]} 21. cxd5 {[%clk 0:39:59]} Qd7 {[%clk 0:39:22]} 22. Rc6 {[%clk
0:39:59]} b5 23. Qc2 {[%clk 0:37:47]} h6 {[%clk 0:36:08]} 24. Bh4 e4 {[%clk
0:34:16]} 25. fxe4 {[%clk 0:38:05]} f4 {[%clk 0:30:35]} 26. Nf5 {[%clk
0:38:05]} Be5 {[%clk 0:30:35]} 27. g3 {[%clk 0:38:05]} f3 {[%clk 0:30:35]} 28.
Nxh6+ {[%clk 0:38:05]} Kh8 {[%clk 0:30:35]} 29. Nf5 {[%clk 0:38:05]} Nd8 {[%clk
0:30:35]} 30. Bxd8 {[%clk 0:38:05]} Qxd8 {[%clk 0:30:35]} 31. Rxf3 {[%clk
0:38:05]} 1-0

[Event "Deutsche Ländermeisterschaft 2018"]
[Site "Würzburg GER"]
[Date "2018.10.06"]
[Round "6"]
[White "Steffens, Oliver"]
[Black "Karsay, Pascal"]
[Result "0-1"]
[Termination "normal"]
[Board "8.2"]
[WhiteElo "1960"]
[BlackElo "2261"]
[WhiteClock "01:34:04"]
[BlackClock "01:34:42"]
[WhiteTeam "SG Bremen / Niedersachsen"]
[BlackTeam "Rheinland-Pfalz"]
[PlyCount "47"]
[WhiteFideId "12947148"]
[BlackFideId "12953474"]
[EventCountry "GER"]
[EventRounds "7"]
[EventType "team-swiss"]
[EventDate "2018.10.02"]

1. e4 e5 {[%clk 1:32:02]} 2. Nf3 {[%clk 1:30:48]} Nc6 {[%clk 1:32:02]} 3. Bb5
a6 4. Bxc6 dxc6 {[%clk 1:32:02]} 5. O-O {[%clk 1:33:03]} Bg4 {[%clk 1:32:27]}
6. h3 {[%clk 1:33:03]} h5 {[%clk 1:32:27]} 7. d3 {[%clk 1:33:03]} Qf6 {[%clk
1:33:07]} 8. Nbd2 {[%clk 1:33:03]} Ne7 {[%clk 1:33:28]} 9. Re1 {[%clk 1:34:04]}
Nd5 {[%clk 1:33:52]} 10. d4 {[%clk 1:34:04]} Nf4 {[%clk 1:34:42]} 11. dxe5
{[%clk 1:34:04]} Qg6 {[%clk 1:34:42]} 12. Nh4 {[%clk 1:34:04]} Bxd1 {[%clk
1:34:42]} 13. Nxg6 {[%clk 1:34:04]} Nxg6 {[%clk 1:34:42]} 14. Rxd1 {[%clk
1:34:04]} O-O-O {[%clk 1:34:42]} 15. Re1 {[%clk 1:34:04]} Nxe5 {[%clk 1:34:42]}
16. Nb3 {[%clk 1:34:04]} Bb4 {[%clk 1:34:42]} 17. c3 {[%clk 1:34:04]} Be7
{[%clk 1:34:42]} 18. Be3 {[%clk 1:34:04]} b6 {[%clk 1:34:42]} 19. Nd4 {[%clk
1:34:04]} c5 {[%clk 1:34:42]} 20. Nf5 {[%clk 1:34:04]} Bf6 {[%clk 1:34:42]} 21.
f4 {[%clk 1:34:04]} Nc4 {[%clk 1:34:42]} 22. e5 {[%clk 1:34:04]} c6 {[%clk
1:34:42]} 23. b3 {[%clk 1:34:04]} Na3 {[%clk 1:34:42]} 24. Rad1 {[%clk
1:34:04]} 0-1

[Event "Deutsche Ländermeisterschaft 2018"]
[Site "Würzburg GER"]
[Date "2018.10.06"]
[Round "6"]
[White "Yankelevich, Michael"]
[Black "Evering, Sören"]
[Result "1-0"]
[Termination "normal"]
[Board "8.3"]
[WhiteElo "1961"]
[BlackElo "1793"]
[WhiteClock "01:14:01"]
[BlackClock "00:10:52"]
[WhiteTeam "Rheinland-Pfalz"]
[BlackTeam "SG Bremen / Niedersachsen"]
[PlyCount "114"]
[WhiteFideId "12921440"]
[BlackFideId "12974650"]
[EventCountry "GER"]
[EventRounds "7"]
[EventType "team-swiss"]
[EventDate "2018.10.02"]

1. e4 e5 2. Nf3 Nc6 3. Bc4 Nf6 4. Ng5 d5 5. exd5 Na5 6. Bb5+ c6 7. dxc6 bxc6 8.
Bd3 Be7 9. O-O O-O 10. Nc3 h6 11. Nge4 Nd5 12. Ng3 f5 13. Be2 Be6 14. d3 Nxc3
15. bxc3 Qd6 16. a4 Rfd8 17. Bf3 Rab8 18. Qe2 Bf6 19. Ba3 Qd7 20. Nh5 Qf7 21.
Bb4 Nb7 22. Bxc6 a5 23. Ba3 Rdc8 24. Bxb7 Rxb7 25. Nxf6+ Qxf6 26. Bd6 e4 27.
Rfe1 Bd5 28. c4 Qxd6 29. cxd5 Qxd5 30. dxe4 Qxe4 31. Qa6 Qc6 32. Qxa5 Qxc2 33.
Qd5+ Rf7 34. a5 Qc6 35. Qd3 Qd7 36. Qb3 Qb7 37. Qa2 Kh8 38. a6 Qa7 39. Qe6 Qd7
40. Qb3 Qa7 41. Qa4 Qd7 42. Qb4 Qa7 43. h3 Rb8 44. Qd6 Rb6 45. Re8+ Kh7 46. Qd3
Rff6 47. Qe3 Rf7 48. Ra8 Qxa8 49. Qxb6 Qa7 50. Qxa7 Rxa7 51. Kf1 Kg6 52. Ke2
Kf6 53. Kd3 Ke7 54. Kc4 Kd8 55. Kb5 Kc8 56. Kb6 Kb8 57. Re1 Rc7 1-0

[Event "Deutsche Ländermeisterschaft 2018"]
[Site "Würzburg GER"]
[Date "2018.10.06"]
[Round "6"]
[White "Mönster, Madita"]
[Black "Musiolik, David"]
[Result "1-0"]
[Termination "normal"]
[Board "8.4"]
[WhiteElo "1857"]
[BlackElo "2057"]
[WhiteClock "00:04:22"]
[BlackClock "00:07:58"]
[WhiteTeam "SG Bremen / Niedersachsen"]
[BlackTeam "Rheinland-Pfalz"]
[PlyCount "74"]
[WhiteFideId "12947156"]
[BlackFideId "12972355"]
[EventCountry "GER"]
[EventRounds "7"]
[EventType "team-swiss"]
[EventDate "2018.10.02"]

1. e4 {[%clk 1:30:57]} e6 {[%clk 1:30:57]} 2. d4 {[%clk 1:31:20]} d5 {[%clk
1:31:23]} 3. Nc3 {[%clk 1:31:40]} Nf6 {[%clk 1:31:50]} 4. e5 {[%clk 1:31:58]}
Nfd7 {[%clk 1:32:12]} 5. f4 {[%clk 1:32:11]} c5 {[%clk 1:32:37]} 6. Nf3 {[%clk
1:32:24]} Nc6 {[%clk 1:32:40]} 7. Be3 {[%clk 1:32:19]} cxd4 {[%clk 1:29:58]} 8.
Nxd4 {[%clk 1:27:51]} Bc5 {[%clk 1:30:21]} 9. Qd2 {[%clk 1:21:57]} a6 {[%clk
1:16:02]} 10. Nb3 {[%clk 1:02:27]} Bxe3 {[%clk 1:08:02]} 11. Qxe3 {[%clk
1:02:41]} f6 {[%clk 1:05:29]} 12. exf6 {[%clk 1:00:17]} Nxf6 {[%clk 1:05:45]}
13. O-O-O {[%clk 0:56:50]} O-O {[%clk 1:04:59]} 14. Kb1 {[%clk 0:51:52]} b5
{[%clk 0:58:14]} 15. g3 {[%clk 0:47:36]} Na5 {[%clk 0:48:07]} 16. Nxa5 {[%clk
0:39:44]} Qxa5 {[%clk 0:48:32]} 17. Bh3 {[%clk 0:38:36]} Re8 {[%clk 0:47:17]}
18. Rhe1 {[%clk 0:36:30]} Bd7 {[%clk 0:39:14]} 19. Qf3 Rac8 20. g4 {[%clk
0:16:14]} b4 {[%clk 0:27:07]} 21. Ne2 {[%clk 0:15:45]} Qb6 {[%clk 0:25:36]} 22.
Ng3 {[%clk 0:07:49]} Ba4 23. b3 {[%clk 0:04:45]} Bc6 {[%clk 0:19:12]} 24. Qd3
{[%clk 0:04:22]} Nd7 {[%clk 0:07:58]} 25. g5 {[%clk 0:04:22]} Nc5 {[%clk
0:07:58]} 26. Qd4 {[%clk 0:04:22]} g6 {[%clk 0:07:58]} 27. Bxe6+ {[%clk
0:04:22]} Rxe6 {[%clk 0:07:58]} 28. Rxe6 {[%clk 0:04:22]} Rc7 {[%clk 0:07:58]}
29. f5 {[%clk 0:04:22]} Qb5 {[%clk 0:07:58]} 30. Rd6 {[%clk 0:04:22]} Nb7
{[%clk 0:07:58]} 31. Rf6 {[%clk 0:04:22]} Rg7 {[%clk 0:07:58]} 32. Qe5 {[%clk
0:04:22]} Nd8 {[%clk 0:07:58]} 33. Qd6 {[%clk 0:04:22]} Rf7 34. Qxd8+ Kg7 35.
Rxf7+ Kxf7 36. Qf6+ Kg8 37. fxg6 hxg6 1-0

[Event "Deutsche Ländermeisterschaft 2018"]
[Site "Würzburg GER"]
[Date "2018.10.06"]
[Round "6"]
[White "Ley, Sabrina"]
[Black "Block, Timo"]
[Result "1/2-1/2"]
[Termination "normal"]
[Board "8.5"]
[WhiteElo "1902"]
[BlackElo "1777"]
[WhiteClock "00:00:59"]
[BlackClock "00:08:41"]
[WhiteTeam "Rheinland-Pfalz"]
[BlackTeam "SG Bremen / Niedersachsen"]
[PlyCount "48"]
[WhiteFideId "12938130"]
[BlackFideId "16201116"]
[EventCountry "GER"]
[EventRounds "7"]
[EventType "team-swiss"]
[EventDate "2018.10.02"]

1. e4 {[%clk 1:30:57]} e6 {[%clk 1:30:52]} 2. d4 {[%clk 1:31:23]} d5 {[%clk
1:31:09]} 3. Nc3 {[%clk 1:31:47]} Bb4 {[%clk 1:31:12]} 4. Bd3 {[%clk 1:32:11]}
c5 {[%clk 1:29:42]} 5. exd5 {[%clk 1:26:53]} exd5 {[%clk 1:28:28]} 6. dxc5
{[%clk 1:04:35]} d4 {[%clk 1:27:43]} 7. Bb5+ {[%clk 0:47:42]} Nc6 {[%clk
1:22:38]} 8. a3 {[%clk 0:46:08]} Bxc5 {[%clk 1:18:06]} 9. Qe2+ {[%clk 0:41:29]}
Be7 {[%clk 1:11:12]} 10. Ne4 {[%clk 0:38:22]} Bf5 {[%clk 1:03:45]} 11. Bd2
{[%clk 0:32:20]} Qd5 {[%clk 0:46:14]} 12. f3 {[%clk 0:24:56]} Be6 {[%clk
0:40:37]} 13. Nh3 {[%clk 0:18:52]} a6 {[%clk 0:34:15]} 14. Bd3 {[%clk 0:13:34]}
Bxh3 {[%clk 0:24:56]} 15. gxh3 {[%clk 0:14:03]} Ne5 {[%clk 0:25:14]} 16. Bf4
{[%clk 0:09:08]} f5 {[%clk 0:17:02]} 17. Bxe5 {[%clk 0:07:41]} Qxe5 {[%clk
0:16:57]} 18. Ng3 {[%clk 0:07:42]} Qxe2+ {[%clk 0:15:36]} 19. Nxe2 {[%clk
0:07:00]} g6 {[%clk 0:14:26]} 20. Nxd4 {[%clk 0:04:07]} Bf6 {[%clk 0:14:09]}
21. c3 {[%clk 0:03:43]} O-O-O {[%clk 0:11:01]} 22. O-O-O {[%clk 0:01:30]} Ne7
{[%clk 0:09:55]} 23. Ne6 {[%clk 0:01:13]} Rd6 {[%clk 0:08:41]} 24. Bc4 {[%clk
0:00:59]} Rc6 {[%clk 0:08:41]} 1/2-1/2